000 00398nam a2200145Ia 4500
008 220217s9999||||xx |||||||||||||| ||und||
020 _a81-224-0386-7
082 _a621.381 5 SON
100 _aSonde, B.S
245 0 _aIntroduction ti system design using integrated circuits
250 _a2nd
260 _aNew aga international
_bNew Delhi
_c1992
300 _b120
650 _aCIRCUITRY
999 _c165772
_d165772